000 00629nam a2200181Ia 4500
008 100917s9999 xx 000 0 und d
082 _b56688
100 _aपोद्दार हनुमान प्रसाद
245 _aउपनिषदोके चौदह रत्न
260 _bजालान घनश्यामदास
_c1937
300 _a96
365 _b0.4
520 _aअध्यात्म
630 _aउपनिषदोके चौदह रत्न
650 _aअध्यात्म
730 _aउपनिषदोके चौदह रत्न
942 _cBOOK
999 _c662082
_d662079